|
|
|
|
| LEADER |
00000nab a2200000 a 4500 |
| 001 |
vtls000023173 |
| 003 |
SK-MaSNL |
| 005 |
20260304064838.0 |
| 008 |
250422c1979 xo 0 slo |
| 015 |
|
|
|a SNBRB19rr/mm-uuuuu
|
| 035 |
|
|
|a CL0033267
|
| 035 |
|
|
|a urn:nbn:sk:snk-ab6na8
|
| 035 |
|
|
|a (uuid)2904b502-1860-41fb-99d4-5ce989b70e6e
|
| 035 |
|
|
|a (urnnbn)urn:nbn:sk:snk:ar-005mws
|
| 035 |
|
|
|a (sysno)vtls000023173
|
| 040 |
|
|
|a SNKBUCL
|b slo
|c SNKBUCL
|e AACR2
|
| 041 |
0 |
|
|a slo
|
| 044 |
|
|
|a xo
|c SK
|
| 080 |
|
|
|a 808.54
|2 1981
|
| 080 |
|
|
|a 808.2
|2 1981
|
| 080 |
|
|
|a 801.3
|2 1981
|
| 100 |
1 |
|
|a Rybák, Július,
|d 1933-2021
|4 aut
|9 102379
|
| 245 |
1 |
0 |
|a Slovenské ekvivalenty slova vorota
|c Július Rybák
|
| 650 |
0 |
7 |
|a lexikológia ruská
|2 snkbucl
|9 944467
|
| 650 |
0 |
7 |
|a lexikológia slovenská
|2 snkbucl
|9 922835
|
| 655 |
|
7 |
|a články z novín a časopisov
|2 snkbucl
|9 267496
|
| 773 |
0 |
|
|t Ruštinár
|g Roč. 14, č. 1 (1979), s. 26-27
|
| 850 |
|
|
|a Slovenská národná knižnica
|
| 852 |
|
|
|a Slovenská národná knižnica
|
| 954 |
|
|
|a odborná, vedecká literatúra pôvodná (slovenská)
|2 lita
|
| 958 |
|
|
|a article27
|
| 958 |
|
|
|a RK
|
| 958 |
|
|
|a SK
|
| 958 |
|
|
|a OND
|
| 958 |
|
|
|a EUIPO
|
| 992 |
|
|
|a RBX
|
| 999 |
|
|
|c 2748239
|d 2750169
|